Social-Ecclesiastical Research in the Netherlands
| Corporate Author: | |
|---|---|
| Format: | Electronic Article |
| Language: | English |
| Check availability: | HBZ Gateway |
| Interlibrary Loan: | Interlibrary Loan for the Fachinformationsdienste (Specialized Information Services in Germany) |
| Published: |
[1959]
|
| In: |
Social compass
Year: 1959, Volume: 6, Issue: 4/5, Pages: 165-173 |
| Online Access: |
Volltext (Resolving-System) Volltext (doi) |
MARC
| LEADER | 00000naa a22000002c 4500 | ||
|---|---|---|---|
| 001 | 1667563793 | ||
| 003 | DE-627 | ||
| 005 | 20190618092120.0 | ||
| 007 | cr uuu---uuuuu | ||
| 008 | 190618s1959 xx |||||o 00| ||eng c | ||
| 024 | 7 | |a 10.1177/003776865900600406 |2 doi | |
| 035 | |a (DE-627)1667563793 | ||
| 035 | |a (DE-599)KXP1667563793 | ||
| 040 | |a DE-627 |b ger |c DE-627 |e rda | ||
| 041 | |a eng | ||
| 084 | |a 0 |a 1 |2 ssgn | ||
| 110 | 2 | |e VerfasserIn |0 (DE-588)1044794-5 |0 (DE-627)100031331 |0 (DE-576)191403172 |4 aut |a Katholiek Sociaal-Kerkelijk Instituut | |
| 245 | 1 | 0 | |a Social-Ecclesiastical Research in the Netherlands |c Survey prepared by the Catholic Social-Ecclesiastical Institute (The Hague) |
| 264 | 1 | |c [1959] | |
| 336 | |a Text |b txt |2 rdacontent | ||
| 337 | |a Computermedien |b c |2 rdamedia | ||
| 338 | |a Online-Ressource |b cr |2 rdacarrier | ||
| 773 | 0 | 8 | |i Enthalten in |t Social compass |d London : Sage, 1953 |g 6(1959), 4/5, Seite 165-173 |h Online-Ressource |w (DE-627)302197583 |w (DE-600)1490732-X |w (DE-576)079599338 |x 1461-7404 |7 nnas |
| 773 | 1 | 8 | |g volume:6 |g year:1959 |g number:4/5 |g pages:165-173 |
| 856 | 4 | 0 | |u https://journals.sagepub.com/doi/abs/10.1177/003776865900600406 |x Resolving-System |3 Volltext |7 1 |
| 856 | |u https://doi.org/10.1177/003776865900600406 |x doi |3 Volltext | ||
| 951 | |a AR | ||
| ELC | |a 1 | ||
| ITA | |a 1 |t 1 | ||
| LOK | |0 000 xxxxxcx a22 zn 4500 | ||
| LOK | |0 001 348811032X | ||
| LOK | |0 003 DE-627 | ||
| LOK | |0 004 1667563793 | ||
| LOK | |0 005 20190618090122 | ||
| LOK | |0 008 190618||||||||||||||||ger||||||| | ||
| LOK | |0 040 |a DE-Tue135 |c DE-627 |d DE-Tue135 | ||
| LOK | |0 092 |o n | ||
| LOK | |0 852 |a DE-Tue135 | ||
| LOK | |0 852 1 |9 00 | ||
| LOK | |0 935 |a ixzs |a ixzo |a rwrk | ||
| LOK | |0 939 |a 18-06-19 |b l01 | ||
| ORI | |a SA-MARC-ixtheoa001.raw | ||
| REL | |a 1 | ||
| SUB | |a REL | ||



